San Pablo: heraldo de Cristo

Kaydedildi:
Detaylı Bibliyografya
Yazar: Holzner, Josef (Yazar)
Materyal Türü: Kitap
Dil:İspanyolca
Baskı/Yayın Bilgisi: Barcelona Herder 1964
Konular:
Etiketler: Etiketle
Etiket eklenmemiş, İlk siz ekleyin!

MARC

LEADER 00000nam a2200000 a 4500
001 UCX4256
003 CL-VaPUC
008 920403e19640000SP |||||||||||||||||spa|d
082 0 4 |a 227  |b HOL  |2 21 
100 |a Holzner, Josef  |e author  |9 585269 
245 1 0 |a San Pablo: heraldo de Cristo 
300 |a 558 p 
942 |c BK 
945 |d 19920403 00:00:00 
260 |a Barcelona  |b Herder  |c 1964 
600 0 |a Pablo, Santo Apóstol   |9 316902 
583 |a last modification  |c 19920403 00:00:00  |k Rodrigo Vera 
999 |c 224764  |d 224762 
952 |0 0  |1 2  |4 0  |6 227_000000000000000_HOL_1964  |7 0  |8 A  |9 221707  |a BIBTEO  |b BIBTEO  |d 2019-11-15  |i 2905655  |o 227 HOL 1964  |p 2905655  |r 2019-11-15  |w 2019-11-15  |y BK  |k ICR